Устойчивость и колебания упругих систем. Современные концепции, парадоксы и ошибки

Xehetasun bibliografikoak
Egile nagusia: Пановко Я. Г. Яков Гилеевич
Beste egile batzuk: Губанова И. И. Искра Ивановна
Hizkuntza:errusiera
Argitaratua: Москва, Наука, 1979
Edizioa:3-е изд., перераб
Gaiak:
Formatua: MixedMaterials Liburua
KOHA link:https://koha.lib.tpu.ru/cgi-bin/koha/opac-detail.pl?biblionumber=126699

MARC

LEADER 00000nam0a2200000 4500
001 126699
005 20231031131945.0
020 |a RU  |b 79-73697 
035 |a (RuTPU)RU\TPU\book\137060 
090 |a 126699 
100 |a 20071203d1979 k y0rusy5003 ca 
101 0 |a rus 
102 |a RU 
105 |a a z 001zy 
200 1 |a Устойчивость и колебания упругих систем. Современные концепции, парадоксы и ошибки  |f Я. Г. Пановко, И. И. Губанова 
205 |a 3-е изд., перераб 
210 |a Москва  |c Наука  |d 1979 
215 |a 384 с.  |c ил. 
305 |a Имен. указ.: с. 382-384. 
610 1 |a физика 
610 1 |a сопротивление материалов 
610 1 |a упругие системы 
610 1 |a устойчивость 
610 1 |a колебания 
610 1 |a равновесие 
610 1 |a нагрузки 
610 1 |a нелинейные системы 
610 1 |a аэроупругость 
675 |a 539.31  |z rus 
700 1 |a Пановко  |b Я. Г.  |g Яков Гилеевич  |4 070 
701 1 |a Губанова  |b И. И.  |g Искра Ивановна  |4 070 
801 0 |a RU  |b RuMRKP  |c 19950704  |g psbo 
801 1 |a RU  |b 63413507  |c 20071203  |g PSBO 
801 2 |a RU  |b 63413507  |c 20091027  |g PSBO 
942 |c BK